| 000 | 00431nam a2200109Ia 4500 | ||
|---|---|---|---|
| 008 | 160909s9999 xx 000 0 und d | ||
| 100 | _aCavanaugh, Jennifer A. | ||
| 245 | _aDoes the way we measure fit matter?: Predicting behaviors and attitudes using different measures of fit | ||
| 260 |
_bState University of New York at Albany. _c2016 |
||
| 650 | _aPSYCHOLOGY | ||
| 856 | _uhttp://pqdtopen.proquest.com/doc/1796863981.html?FMT=ABS | ||
| 999 |
_c304149 _d304149 |
||